LIBRARY & INFORMATION CENTRE, KCAET, TAVANUR

ONLINE PUBLIC ACCESS CATALOGUE (OPAC)

Development of mango destoner cum cube cutting machine for pickle production (Record no. 14976)

MARC details
000 -LEADER
fixed length control field 00733nam a22001817a 4500
003 - CONTROL NUMBER IDENTIFIER
control field OSt
088 ## - REPORT NUMBER
Report number P 222
100 ## - MAIN ENTRY--AUTHOR NAME
Personal name AMRITHA V.L
-- DHANESH K.J
-- NISHA S
-- REMYA M.R
245 ## - TITLE STATEMENT
Title Development of mango destoner cum cube cutting machine for pickle production
260 ## - PUBLICATION, DISTRIBUTION, ETC. (IMPRINT)
Place of publication Tavanur 2011
Name of publisher Kelappaji College of Agricultural Engineering and Technology
300 ## - PHYSICAL DESCRIPTION
Number of Pages 39
500 ## - GENERAL NOTE
General note Development of mango destoner cum cube cutting machine for pickle production
520 ## - SUMMARY, ETC.
Summary, etc Development of mango destoner cum cube cutting machine for pickle production
700 ## - ADDED ENTRY--PERSONAL NAME
Personal name Er. George Mathew (Guide)
856 ## - ELECTRONIC LOCATION AND ACCESS
Uniform Resource Identifier https://drive.google.com/open?id=1LU9fJltBKNA7_xl_aDKuWvOrxzAu0YIb
942 ## - ADDED ENTRY ELEMENTS (KOHA)
Koha item type Project Report
Holdings
Collection code Home library Current library Shelving location Full call number Accession Number Koha item type
Reference KAUAET KAUAET Reference 631.75 807 AMR/DE P 222 Project Report
free website counter